000 01018nam a22002417a 4500
005 20240305165603.0
007 cr|||| ||||
008 210426s2018 br |||||s|||| 00||0 por d
020 _a978-85-9547-025-5
035 _a33163
040 _avLex
090 _c11530
_d11530
100 1 _aMiranda Duarte, Gabriela
245 1 0 _aSociedade, Direito & Justiça
_h[Recurso electrónico] /
_cGabriela Miranda Duarte
_nVolume 2
256 _aServicio en línea
260 _aBelo Horizonte:
_bInitia Via Editora,
_c2018
300 _a1 recurso electrónico
506 1 _aDisponible solo en los productos indicados
_dvLex Global
_dvLex Global (Academic Edition, excluding Law Schools)
_dvLex Global (U.S. Academic Edition, Law Schools)
_dvLex Global (U.S. Academic Edition, excluding Law Schools)
_dvLex Global (Academic Edition, Law Schools)
650 0 4 _aCiencias sociales
_zBrasil
740 0 _avLex Libros (Servicio en línea)
856 4 0 _uhttps://vlex.com/source/sociedade-direito-justi-a-33163
942 _cRAA
999 _c169766
_d169766